| 000 | 00508nam a2200193Ia 4500 | ||
|---|---|---|---|
| 003 | OSt | ||
| 005 | 20251106111632.0 | ||
| 008 | 220923b |||||||| |||| 00| 0 urd d | ||
| 037 | _cTB | ||
| 040 |
_aARTS _cARTS _burd |
||
| 041 |
_2urd _aurd |
||
| 084 |
_aO168wN2 M3 _qAL |
||
| 100 |
_aBegum Syed Tyyaba _9216685 |
||
| 245 | 0 | _aAbr-e-neesan | |
| 260 | _c1983. | ||
| 650 |
_aURDU LITERATURE _9850230 |
||
| 942 |
_hO168wN2 M3 _cTB _2CC _n0 |
||
| 999 |
_c455531 _d455531 |
||